|
|
|
|
| LEADER |
01159nam a2200253 a 4500 |
| 001 |
4770584 |
| 008 |
091112s1987 nyua b 001 0 eng d |
| 010 |
|
|
|a \\\86023672
|
| 020 |
|
|
|a 0195205596
|
| 020 |
|
|
|a 0195205456 :
|c $17.95
|
| 040 |
|
|
|a DLC
|c DLC
|d DLC
|
| 082 |
0 |
0 |
|a 338.984/12
|2 19
|
| 100 |
1 |
|
|a Salmen, Lawrence F.,
|d 1942-
|
| 245 |
1 |
0 |
|a Listen to the people :
|b participant-observer evaluation of development projects /
|c Lawrence F. Salmen.
|
| 260 |
|
|
|a New York :
|b Published for the World Bank by Oxford University Press,
|c c1987.
|
| 300 |
|
|
|a x, 149 p. :
|b ill. ;
|c 23 cm.
|
| 504 |
|
|
|a Includes bibliographical references (p. 140-144) and index.
|
| 541 |
1 |
|
|e 00004807
|
| 650 |
|
0 |
|a Economic development projects
|z Bolivia
|z La Paz
|x Evaluation.
|
| 650 |
|
0 |
|a Economic development projects
|z Ecuador
|z Guayaquil
|x Evaluation.
|
| 650 |
|
0 |
|a Economic development projects
|z Developing countries
|x Evaluation.
|
| 852 |
4 |
|
|a Ayesha Abed Library
|j General shelf
|
| 999 |
|
|
|c 8034
|d 8034
|
| 952 |
|
|
|0 0
|1 0
|2 ddc
|4 0
|6 338_984120000000000_SAL_1989
|7 0
|9 9109
|a BRACUL
|b BRACUL
|c GEN
|d 2010-04-08
|g 0.00
|l 0
|o 338.98412 SAL
|p 3010004807
|r 2010-04-08
|t 1
|w 2010-04-08
|y BK
|z Not price in Register
|